00365nam a2200121Ia 4500008004100000024003100041082001600072100003600088245003500124260002500159600002100184650003800205250506s9999 xx 000 0 und d a05B-24-BS & 05B-007-BS a005.072 SAA aSaad Ahmed Pasha & Rabia Jabeen 0aVirtual Physician (Al-Meesiah) aKarachi:bUIT,c2005 aComputer Science aBachelor of Computer Science (BS)